000
00295nam a2200133Ia 4500
005
20251222144726.0
008
251222s9999||||xx |||||||||||||| ||spa||
020
_a
84-02-08000-6
082
_a
891.31/C539
100
_a
Chejov, Antón
245
0
_a
Mi Vida
264
_b
Bruguera
942
_c
LIB
999
_c
18399
_d
18399